01578nab a22002537a 4500003000400000005001700004008004100021040000700062100002700069245022000096260007300316300001500389500007300404505029300477505017600770505008900946650002301035650001501058650003201073650002701105650002901132650002901161773013401190OSt20260130213503.0190603e xxum|||| |||| 00| 0 spa d cPJ aJáuregui, Rodolfo G.10aConsentimiento de una entrega y potestad institucional : buna coreografía judicial sin red afectiva (ni normativa). La deconstrucción de una práctica judicial. Del texto al contexto /cRodolfo G. Jáuregui.  cCiudad Autónoma de Buenos Aires :aThomson Reuters La Ley, b2025. ap. 148-155 aCita: TR LALEY AR/DOC/2247/2025 Publicado en: RCCyC 2025 (Octubre). aSumario: I. La madre y el sistema judicial: texto y contexto familiar cancelado.— II. El texto y el contexto normativo (de nuevo divorciados). Genealogía y actualidad del art. 607 inc. b) del Cód. Civ. y Com.— III. Conclusión final: ética, rostro y el silencio institucional.  aFallo comentado: SC Mendoza, sala I ~ 27/02/2025 ~ M. M. D. A. s/ su hijo por nacer s/ medidas de protección de derechos s/ recurso extraordinario provincial (ley 9423). t¿Te interesa el texto completo? Solicitalo al correo: koha@justierradelfuego.gov.ar 0aDERECHO DE FAMILIA 0aADOPCIÓN 0aINTERES SUPERIOR DEL NIÑO 0aDERECHO A LA IDENTIDAD 0aCONSENTIMIENTO INFORMADO 0aINTERPRETACION DE LA LEY0 02713dCiudad Autónoma de Buenos Aires : Thomson Reuters La Ley, 2015-tRevista Código Civil y Comercial. Nº 5 - Octubre 2025